Score 0/20 Timer 02:00
1 Play Today
Clue 4-Letter Word % Correct
▲Crayola 64 Color (and the color of Elvis's suede shoes)▲BLUE
96.8%
Got tallerGREW
87.1%
Make tea or beerBREW
87%
Actor Pitt of '12 Years a Slave'BRAD
85%
Recent recipient of a diplomaGRAD
82.3%
Raised pedigreed puppiesBRED
81.3%
A stopper in a bathtubPLUG
80.5%
How Brits and Canadians spell the previous rungGREY
79.4%
▲Crayola 64 Color (and last name of R&B singer Macy)▲GRAY
79.4%
Metric equivalent to 0.035 ouncesGRAM
77.7%
Clue 4-Letter Word % Correct
▲Crayola 64 Color (and a precious metal)▲GOLD
76.1%
▲Crayola 64 Color (and a fruit tree of the genus Prunus)▲PLUM
74.2%
David Bowie and Gary Glitter: ____ rockersGLAM
73.2%
Gloomy; dourGLUM
71%
To urge or coerceGOAD
69.2%
A duct for conveying exhaustFLUE
66%
A heavy lead projectile fired from a shotgunSLUG
61.4%
A floating chunk of iceFLOE
53.3%
To whip; or, colloquially, to sell somethingFLOG
51.2%
To trudge heavily, or to toilSLOG
46.7%

Today's Daily Dose

Remove Ads.
Support Sporcle.
Get the best of Sporcle when you Go Orange. This ad-free experience offers more features, more stats, and more fun while also helping to support Sporcle. Thank you for becoming a member.

You're not logged in!

Compare scores with friends on all Sporcle quizzes.
OR
Log In

Show Comments

Extras

Top Quizzes Today


Score Distribution

Your Account Isn't Verified!

In order to create a playlist on Sporcle, you need to verify the email address you used during registration. Go to your Sporcle Settings to finish the process.

Report this User

Report this user for behavior that violates our Community Guidelines.

Details: